General Ball Knowledge Quiz #4 - Statistics

General Stats
  • This quiz has been taken 20 times
  • The average score is 4 of 10
Answer Stats
Hint Answer % Correct
What number connects "Deadly Sins" and "Summits" Seven
84%
Who killed Alexander Hamilton? Aaron Burr
74%
What is the second tallest peak in the world? K2
68%
Who "might swerve, bend that corner, woah" LiAngelo Ball
47%
What is the 2nd most played song on Spotify as of January 14, 2025? Shape of You
42%
What actor played the roll of Moon Knight in the 2022 show "Moon Knight"? Oscar Isaac
37%
What new strand of the Coronavirus was discovered late in 2021? Omicron
32%
What country is made up of 4 English words? Madagascar
16%
And the 3rd? Someone You Loved
16%
What companies logo is the "Berlin Specimen" Arc'teryx
11%
No matching quizzes found
Score Distribution
Percent of People with Each Score
Percentile by Number Answered
Your Score History
You have not taken this quiz